| 000 | 01245nam a22002777a 4500 | ||
|---|---|---|---|
| 003 | DO-SdBNP | ||
| 005 | 20250918133617.0 | ||
| 007 | ta | ||
| 008 | 210503b200? dr acodgrf||| 00| 0 spa d | ||
| 020 | _a9789945926507 | ||
| 040 |
_aDO-SdBNP _bspa _cBNPHU |
||
| 041 | _hspa | ||
| 082 | 4 |
_a362.8292 _bM778d _222 |
|
| 100 | 1 |
_aMontero Santiago, Ramón Stalin _978536 |
|
| 245 | 1 |
_aDesmóntate del sexismo y ·resetéate por la igualdad y la eliminación de la violencia contra la mujer : _bresetéate, acabemos con la violencia hacia las mujeres / _cRamón Stalin Montero Santiago ; ilustración: Manauri Jorge, Ianko Selig. |
|
| 260 |
_aSanto Domingo: _bIGEF/UASD, _bOxfam, _c[200?] |
||
| 300 |
_a181 p.: _bil., retrs., diagrama, _c28 cm. |
||
| 500 | _aManual para docentes orientado al desmonte de imaginarios y normas sociales sobre violencia contra las mujeres en personas jóvenes. | ||
| 590 | _aInventariado, 2021/MFF | ||
| 650 | 0 |
_aViolencia conyugal _951266 |
|
| 700 | 1 |
_aJorge, Manauri, _eil. _978538 |
|
| 700 | 1 |
_aSelig, Ianko, _eil. _978539 |
|
| 710 | 2 |
_aInstituto de Investigación y Estudio de Género y Familia (Universidad Autónoma de Santo Domingo) _979122 |
|
| 910 | _aValidado. Control de calidad MFF | ||
| 942 |
_2ddc _cLBS1 |
||
| 999 |
_c49798 _d49798 |
||